LEADER 00757nam0-22002771i-450- 001 990002005840403321 005 20130325160622.0 035 $a000200584 035 $aFED01000200584 035 $a(Aleph)000200584FED01 035 $a000200584 100 $a20030910d1960----km-y0itay50------ba 101 0 $aeng 200 1 $aIntroduction to quantitative genetics$fD. S. Falconer 210 $aNew York$cRonald$d1960 215 $a365 p.$d22 cm 610 0 $aGenetica 676 $a575.1 700 1$aFalconer,$bDouglas Scott$069884 801 0$aIT$bUNINA$gRICA$2UNIMARC 901 $aBK 912 $a990002005840403321 952 $a61 III B.3/28$b1657$fDAGEN 959 $aDAGEN 996 $aIntroduction to quantitative genetics$977499 997 $aUNINA LEADER 03111nam 22006495 450 001 9910255279903321 005 20251030101957.0 010 $a9781137402813 010 $a1137402814 024 7 $a10.1057/978-1-137-40281-3 035 $a(CKB)3710000001410829 035 $a(DE-He213)978-1-137-40281-3 035 $a(MiAaPQ)EBC4883993 035 $a(PPN)259453870 035 $a(Perlego)3498306 035 $a(EXLCZ)993710000001410829 100 $a20170622d2017 u| 0 101 0 $aeng 135 $aurnn|008mamaa 181 $ctxt$2rdacontent 182 $cc$2rdamedia 183 $acr$2rdacarrier 200 14$aThe Catholic Church in Polish History $eFrom 966 to the Present /$fby Sabrina P. Ramet 205 $a1st ed. 2017. 210 1$aNew York :$cPalgrave Macmillan US :$cImprint: Palgrave Macmillan,$d2017. 215 $a1 online resource (XXIX, 300 p. 7 illus. in color.) 225 1 $aPalgrave Studies in Religion, Politics, and Policy,$x2731-6777 311 08$a9781137426222 311 08$a1137426225 330 $aThe book chronicles the evolution of the church's political power throughout Poland's unique history. Beginning in the tenth century, the study first details how Catholicism overcame early challenges in Poland, from converting the early polytheists to pushing back the Protestant Reformation half a millennium later. It continues into the dawn of the modern age?including the division of Poland between Prussia, Russia, and Austria between 1772 and 1795, the interwar years, the National Socialist occupation of World War Two, and the communist and post-war communist eras?during which The Church only half-correctly presented itself as a steadfast protector of Poles, with clergy members who either stood up to foreign authorities or collaborated with those same Nazi and Communist leaders. This study ends with a consideration of how the Church has taken advantage of the fall of communism to push its own social agenda, at times against the wishes of most Poles. 410 0$aPalgrave Studies in Religion, Politics, and Policy,$x2731-6777 606 $aEurope$xPolitics and government 606 $aReligion and politics 606 $aPolitical science 606 $aEurope, Central$xHistory 606 $aCatholic Church 606 $aEuropean Politics 606 $aPolitics and Religion 606 $aPolitical Theory 606 $aHistory of Germany and Central Europe 606 $aCatholicism 615 0$aEurope$xPolitics and government. 615 0$aReligion and politics. 615 0$aPolitical science. 615 0$aEurope, Central$xHistory. 615 0$aCatholic Church. 615 14$aEuropean Politics. 615 24$aPolitics and Religion. 615 24$aPolitical Theory. 615 24$aHistory of Germany and Central Europe. 615 24$aCatholicism. 676 $a320.94 700 $aRamet$b Sabrina P$4aut$4http://id.loc.gov/vocabulary/relators/aut$0943457 906 $aBOOK 912 $a9910255279903321 996 $aThe Catholic Church in Polish History$92129346 997 $aUNINA LEADER 02763nam 2200673Ia 450 001 9910954113503321 005 20251117052024.0 010 $a1-315-61500-2 010 $a1-317-03733-2 010 $a1-317-03732-4 010 $a1-282-05408-2 010 $a9786612054082 010 $a0-7546-8171-8 035 $a(CKB)1000000000724366 035 $a(EBL)438607 035 $a(OCoLC)322495536 035 $a(SSID)ssj0000130036 035 $a(PQKBManifestationID)11137300 035 $a(PQKBTitleCode)TC0000130036 035 $a(PQKBWorkID)10081076 035 $a(PQKB)11513465 035 $a(Au-PeEL)EBL438607 035 $a(CaPaEBR)ebr10281376 035 $a(CaONFJC)MIL205408 035 $a(MiAaPQ)EBC438607 035 $a(OCoLC)646802727 035 $a(FINmELB)ELB161058 035 $a(EXLCZ)991000000000724366 100 $a20080929d2009 uy 0 101 0 $aeng 135 $aur|n|---||||| 181 $ctxt 182 $cc 183 $acr 200 14$aThe contract scorecard $esuccessful outsourcing by design /$fby Sara Cullen 205 $a1st ed. 210 $aBurlington, VT $cAshgate Pub. Co. $cGower$d2009 215 $a1 online resource (267 p.) 300 $aDescription based upon print version of record. 311 08$a1-03-283797-7 311 08$a0-566-08793-6 320 $aIncludes bibliographical references and index. 327 $aCover; Contents; List of Figures; List of Tables; Foreword; Preface; 1 Introduction; 2 The Quadrants of the Contract Scorecard; 3 The Steps in Developing KPIs; 4 Schemes for the Consequences of KPI Performance; 5 Planning the Contract Scorecard; 6 The Quality Specification - The Service Level Agreement (SLA); 7 The Financial Specification - The Financial Schedule; 8 The Relationship Specification - The Governance Charter; 9 The Strategic Specification - Unique Contract Schedules; 10 Conclusion; References; Index; About the Author 330 $aAn upfront investment in your contracts, from a commercial rather than legal perspective is probably the single most influential activity you can undertake; one that will ensure your outsourcing relationships have clear business goals as the focus of the deal. Reading a copy of Sara Cullen's The Contract Scorecard should be the first step in that investment. 606 $aContracting out 606 $aContracting out$xEvaluation 615 0$aContracting out. 615 0$aContracting out$xEvaluation. 676 $a658.4 676 $a658.4/058 676 $a658.4058 700 $aCullen$b Sara$01873144 801 0$bMiAaPQ 801 1$bMiAaPQ 801 2$bMiAaPQ 906 $aBOOK 912 $a9910954113503321 996 $aThe contract scorecard$94483101 997 $aUNINA